Estadísticas para Estados, Provincias y Territorios que Tocan los Apalaches

Haz click aquí para intentar la prueba.

Estadísticas generales

  • Esta prueba ha sido intentada 542 veces
  • La puntuación promedio es 16 de 23

Estadísticas de respuestas

Estado, Provincia o Territorio% Correcto
Nueva York
91%
Virginia
86%
Maine
84%
Ohio
83%
Pensilvania
82%
Vermont
81%
Carolina del Sur
80%
Quebec
80%
Carolina del Norte
79%
Georgia
79%
Virginia Occidental
77%
Alabama
76%
Tennessee
76%
Nueva Jersey
75%
Kentucky
74%
Maryland
74%
Nuevo Hampshire
69%
Massachusetts
68%
Connecticut
65%
Terranova y Labrador
49%
Nueva Escocia
42%
Nuevo Brunswick
37%
San Pedro y Miquelón
32%

Distribución de puntuación

Porcentaje por número respondido

Porcentaje de gente con cada puntuación

Historial de tus puntuaciones

No has intentado esta prueba.